| 000 | 00549nam a2200181Ia 4500 | ||
|---|---|---|---|
| 003 | GCL | ||
| 008 | 140319s9999 xx 000 0 ara d | ||
| 040 |
_aGCL / _cGCL |
||
| 082 | 0 | 4 |
_a928.1 _bس ل |
| 100 | 1 | _aسيد البحراوى | |
| 245 | 1 | 0 |
_aلطيفة الزيات : الادب والوطن / _cسيد البحراوى |
| 300 | _a223 ص | ||
| 490 |
_aالهيئة العامة للاستعلامات _v0 |
||
| 650 | 0 | 4 | _aالادباء |
| 650 | 0 | 4 | _aالادباء المصريون |
| 650 | 0 | 4 | _aلطيفة الزيات |
| 942 |
_2ddc _cBK |
||
| 999 |
_c48422 _d48422 |
||